000
00277nam a2200109Ia 4500
008
200302s9999 xx 000 0 und d
100
_a
R Nath
245
_a
A G R A and Its Monuments
260
_b
The Histrical Research Documention Programme
260
_c
1997
300
_a
188 P.,
999
_c
2495
_d
2495